Представление документа в формате MARC21

ПолеНазваниеЗначение
  Тип записи a
  Библиографический уровень m
001 Контрольный номер RU\infra-m\znanium\bibl\2235395
005 Дата корректировки 20260429142155.3
008 Кодируемые данные 260120s2025 RU g rus u
020 Индекс ISBN __
a ISBN 9-785-907274-81-5
040 Источник каталогиз. __
a Служба первич. каталог. Общество с ограниченной ответственностью «ЗНАНИУМ»
041 Код языка издания __
a Код языка текста rus
044 Код страны публикации __
a Код страны публикации RU
080 Индекс УДК __
a Индекс УДК 004
084 Индекс другой классификации/Индекс ББК __
2 Источник индекса rubbk
a Индекс другой классификации/Индекс ББК 3281
084 Индекс другой классификации/Индекс ББК __
2 Источник индекса rubbk
a Индекс другой классификации/Индекс ББК 650
084 Индекс другой классификации/Индекс ББК __
2 Источник индекса okso
a Индекс другой классификации/Индекс ББК 38.03.02
084 Индекс другой классификации/Индекс ББК __
2 Источник индекса okso
a Индекс другой классификации/Индекс ББК 38.04.02
100 Автор __
a Автор Берджесс Э.
q Полное имя Берджесс Эндрю
245 Заглавие __
a Заглавие Искусственный интеллект — для вашего бизнеса : Руководство по оценке и применению
b Продолж. заглавия Практическое пособие
250 Сведения об издании __
a Основные сведения об издании 1
260 Выходные данные __
a Место издания Москва
b Издательство Интеллектуальная Литература
c Дата издания 2026
300 Физическое описание __
a Объем 232 с.
520 Аннотация __
a Аннотация Консультант по цифровой трансформации и роботизации Эндрю Берджесс семь лет помогает компаниям внедрять ИИ. В своей книге он без «воды» и сложных терминов рассматривает такие практические функции ИИ как распознавание образов обработку естественного языка и прогнозирование иллюстрируя их кейсами компаний из разных отраслей. Книга будет интересна как предпринимателям которые только задумываются о перспективах использования ИИ так и тем кто хочет применять его более эффективно.
521 Примеч. о цел. назн. __
a Примеч. о целев. назн. Дополнительное профессиональное образование
650 Тематические рубрики __
a Основная рубрика Управление (менеджмент)
x Основная подрубрика Управление проектами
655 Указ. предметных рубрик (устаревшее) __
a Жанр/ форма (устаревшее) Практическое пособие
856 Электронный адрес документа 4_
a Имя сервера/домена znanium.ru
m Помощь ebs_support@infra-m.ru
n Местонахождение сервера НИЦ ИНФРА-М
u URL https://znanium.ru/catalog/document?id=473664
856 Электронный адрес документа 48
a Имя сервера/домена znanium.ru
d Путь /cover/2235
f Электронное имя 2235395.jpg
q Тип электронного формата image/jpeg
u URL https://znanium.ru/cover/2235/2235395.jpg
911 __
u 0030=https://znanium.ru/catalog/document?id=473664